Inštitút manažérskych systémov v Poprade bude prínosom pre vysokoškolské štúdium

Bibliographic Details
Other Authors: Marová, Marta (Photographer)
Format: Article
Language:Slovak
PhysicalDescription:Fotogr.
Subjects:

MARC

LEADER 00000nab a2200000 ar4500
001 vtls009187329
003 SK-MaSNL
005 20260304033852.0
008 171109c2007 xo cr|p|||||||000 b|slo
038 |a PPPK 
040 |a PPPKCL  |b slo  |c PPPK  |e AACR2 
041 0 |a slo 
044 |a xo  |c SK 
080 |a 378.6:33  |x (437.671)  |2 2001 
245 0 0 |a Inštitút manažérskych systémov v Poprade bude prínosom pre vysokoškolské štúdium  |c [autor] (mar) ; foto Marta Marová 
300 |b Fotogr. 
610 2 7 |a Univerzita Mateja Bela v Banskej Bystrici.  |b Ekonomická fakulta.  |b Inštitút manažérskych systémov v Poprade  |2 pppkcl  |9 162707 
650 0 7 |a školstvo  |2 snkbucl  |9 19712 
650 0 7 |a vysoké školy ekonomické  |2 pppkcl  |9 67405 
650 0 7 |a detašované pracoviská  |2 pppkcl  |9 1043787 
650 0 7 |a transformácia  |2 pppkcl  |9 17892 
651 7 |a Poprad (Slovensko)  |2 pppkcl  |9 20155 
700 1 |a Marová, Marta  |4 pht  |9 526962 
773 0 |t Poprad : noviny občanov mesta  |g Roč. XVIII, č. 84 (2007), s. 1 
852 |a PPPK  |b KIS3GCP 
999 |c 2650149  |d 2652079